[Event "Banja Luka op-B"]
[Site "Banja Luka"]
[Date "2024.04.27"]
[Round "3"]
[White "Zagorac, Marko"]
[Black "Juic, Ranko"]
[Result "0-1"]
[WhiteElo "1688"]
[BlackElo "1992"]
[PlyCount "53"]
[EventDate "2024.04.26"]
[EventType "swiss"]
[EventRounds "5"]
[EventCountry "BIH"]
[SourceTitle "CBM 220 Extra"]
[Source "ChessBase"]
[SourceDate "2024.07.31"]
[SourceVersion "1"]
[SourceVersionDate "2024.07.31"]
[SourceQuality "1"]

1. e4 d6 2. Nc3 c5 3. f4 g6 4. Nf3 Bg7 5. Bc4 Nc6 6. 0-0 Nf6 7. Kh1 Bg4 8. f5 0-0 9. Qe1 Bxf3 10. gxf3 Nd4 11. Qd1 a6 12. a4 Rb8 13. Nd5 b5 14. axb5 axb5 15. Nxf6+ Bxf6 16. Bd5 c4 17. c3 Nb3 18. Rg1 Kh8 19. Ra7 Qb6 20. Ra2 Rbe8 21. fxg6 hxg6 22. d3 e6 23. dxc4 Nxc1 24. Qxc1 Kg7 25. e5 Bxe5 26. Be4 Bxh2 27. Kxh2 0-1

[Event "Crikvenica City-ch"]
[Site "Crikvenica"]
[Date "2022.02.19"]
[Round "4"]
[White "Radic, Luka D"]
[Black "Zagorac, Marko"]
[Result "0-1"]
[WhiteElo "1328"]
[BlackElo "1605"]
[PlyCount "128"]
[EventDate "2022.02.12"]
[EventType "swiss"]
[EventRounds "7"]
[EventCountry "CRO"]
[SourceTitle "CBM 207 Extra"]
[Source "ChessBase"]
[SourceDate "2022.05.31"]
[SourceVersion "1"]
[SourceVersionDate "2022.05.31"]
[SourceQuality "1"]

1. d4 d5 2. Bf4 Bf5 3. Nf3 e6 4. e3 h6 5. Bd3 Bxd3 6. Qxd3 Nf6 7. c4 Bb4+ 8. Nc3 Bxc3+ 9. bxc3 c6 10. 0-0 Nbd7 11. Rab1 b6 12. cxd5 Nxd5 13. Bg3 h5 14. h3 h4 15. Bh2 Rh6 16. c4 Ne7 17. Bf4 Rh8 18. Ne5 Nxe5 19. Bxe5 f6 20. Bh2 Kf7 21. Qc2 Rh6 22. c5 b5 23. a4 a6 24. axb5 axb5 25. Ra1 Nf5 26. Qe4 Ne7 27. Bd6 Nd5 28. Qc2 Ne7 29. e4 g5 30. e5 f5 31. Qc3 Rh8 32. Rxa8 Qxa8 33. Ra1 Qb7 34. Qe3 Rg8 35. Ra5 b4 36. Qc1 Nd5 37. Qa1 Kg6 38. Ra7 Qb5 39. Ra8 Rg7 40. Rf8 Qc4 41. Qd1 b3 42. Rb8 Nb4 43. Rh8 g4 44. hxg4 Qc2 45. gxf5+ Qxf5 46. Qxb3 Nd3 47. Qa2 Qg4 48. Qd2 Nf4 49. Qc2+ Kg5 50. Be7+ Rxe7 51. Rg8+ Kh5 52. Rxg4 Kxg4 53. Qe4 Kg5 54. g3 Ng6 55. f4+ Kh5 56. gxh4 Rg7 57. Kf2 Rf7 58. Ke3 Ne7 59. Qf3+ Kh6 60. Qg4 Rf5 61. h5 Nd5+ 62. Kf3 Rxf4+ 63. Qxf4+ Nxf4 64. Kxf4 Kxh5 0-1

[Event "Crikvenica City-ch"]
[Site "Crikvenica"]
[Date "2022.02.12"]
[Round "1"]
[White "Zagorac, Marko"]
[Black "Hajdinic, Ema"]
[Result "0-1"]
[WhiteElo "1605"]
[BlackElo "1561"]
[PlyCount "76"]
[EventDate "2022.02.12"]
[EventType "swiss"]
[EventRounds "7"]
[EventCountry "CRO"]
[SourceTitle "CBM 207 Extra"]
[Source "ChessBase"]
[SourceDate "2022.05.31"]
[SourceVersion "1"]
[SourceVersionDate "2022.05.31"]
[SourceQuality "1"]

1. e4 c5 2. Nf3 Nc6 3. Nc3 d6 4. d4 cxd4 5. Nxd4 Nf6 6. Be3 Bd7 7. Be2 g6 8. a3 Bg7 9. Qd2 a6 10. h3 Qc7 11. f4 Nxd4 12. Bxd4 e5 13. Be3 Bc6 14. Bf3 0-0-0 15. Qf2 Nd7 16. Bg4 Kb8 17. Ba7+ Ka8 18. Be3 exf4 19. Bxf4 Bxc3+ 20. bxc3 Bxe4 21. 0-0 f5 22. Bf3 Bxf3 23. Qxf3 Ne5 24. Qe3 Rhe8 25. Rfe1 Nc4 26. Qxe8 Rxe8 27. Rxe8+ Ka7 28. Rae1 Qc5+ 29. Kh1 Qf2 30. Bh2 Nb6 31. Bg1 Qxc2 32. Ra8+ Kxa8 33. Re8+ Ka7 34. Re7 Qxc3 35. Rxh7 d5 36. Rd7 Qc4 37. Rd8 a5 38. a4 Ka6 0-1

[Event "Oskarja Memorial 10th"]
[Site "Chess.com INT"]
[Date "2021.01.16"]
[Round "11"]
[White "Orel Music, Simona"]
[Black "Zagorac, Marko"]
[Result "1-0"]
[WhiteElo "1799"]
[BlackElo "1357"]
[PlyCount "62"]
[EventDate "2021.01.16"]
[EventType "swiss (blitz)"]
[EventRounds "15"]
[EventCountry "SLO"]
[SourceTitle "CBM 200 Extra"]
[Source "ChessBase"]
[SourceDate "2021.03.31"]
[SourceVersion "1"]
[SourceVersionDate "2021.03.31"]
[SourceQuality "1"]

1. d4 Nf6 2. c4 g6 3. Nc3 Bg7 4. e4 0-0 5. Nf3 d6 6. Be2 Re8 7. 0-0 Bg4 8. Be3 e5 9. d5 Nbd7 10. h3 Bxf3 11. Bxf3 Nb6 12. Be2 a6 13. b4 Nbd7 14. Rc1 b5 15. c5 dxc5 16. bxc5 b4 17. c6 bxc3 18. cxd7 Qxd7 19. Rxc3 Nxe4 20. Rc6 f5 21. Bxa6 f4 22. Bc1 Nc3 23. Qd2 Ne4 24. Qc2 Ra7 25. Rd1 Nf6 26. Bc4 Ra5 27. d6+ Kf8 28. Rxc7 Rd8 29. Rxd7 Rxd7 30. Bb3 f3 31. Qc8+ Rd8 1-0

[Event "Oskarja Memorial 10th"]
[Site "Chess.com INT"]
[Date "2021.01.16"]
[Round "5"]
[White "Zagorac, Marko"]
[Black "Novak, Biserka"]
[Result "1-0"]
[WhiteElo "1357"]
[BlackElo "1190"]
[PlyCount "51"]
[EventDate "2021.01.16"]
[EventType "swiss (blitz)"]
[EventRounds "15"]
[EventCountry "SLO"]
[SourceTitle "CBM 200 Extra"]
[Source "ChessBase"]
[SourceDate "2021.03.31"]
[SourceVersion "1"]
[SourceVersionDate "2021.03.31"]
[SourceQuality "1"]

1. e4 b6 2. Nf3 Bb7 3. Nc3 g6 4. d4 Bg7 5. Be3 d6 6. Be2 Nf6 7. e5 dxe5 8. dxe5 Qxd1+ 9. Rxd1 Ng4 10. Bf4 0-0 11. 0-0 c5 12. Ng5 Nc6 13. Bxg4 Bxe5 14. Bxe5 Nxe5 15. Nge4 Nxg4 16. Rd7 Bxe4 17. Nxe4 e6 18. h3 Nh6 19. g4 Kg7 20. f4 Rfd8 21. Rfd1 Rxd7 22. Rxd7 Kf8 23. Ng5 Ke8 24. Rb7 Rd8 25. Nxh7 Rd7 26. Nf6+ 1-0